1889 1259 1288 1332 1053 1615 1701 1746 1868 1368 1340 1844 1195 1954 1642 1569 1036 1112 1576 1382 1577 1756 1025 1574 1962 1668 1867 1795 1775 1871 1905 1947 1267 1266 1504 1473 1646 1358 1731 1564 1874 1994 1742 1802 1537 1934 1111 1383 1940 1223 1297 1524 1926 1614 1815 1348 1409 1429 1129 1668 1903 1108 1482 1394 1140 1865 1313 1381 1271 1895 1172 1774 1584 1734 1433 1379 1003 1351 1979 1906 1362 1556 1159 1914 1932 1517 1049 1687 1493 1347 1822 1263 1213 1310 1359 1311 1987 1395 1804 BCNSPRNW ULIB Ver.6.0+V

เปลี่ยนเป็นภาษาไทย

Change to English
 แสดงรายละเอียดบรรณานุกรม
  กลับหน้าหลัก

Brief Record : Get Marc (ISO 2709) : E-mail record : QR code < ปิดหน้าต่าง
LEADER : 00000nam 2200000uu 4500
001    13399112402
003     ULIB
008    110810s2552||||th 000 0 tha d
020    9789742357436
050  4 HF5734.5^bก636ค 2552
100 0  กิจคณิตพงศ์ อินทอง
245 10 เคล็ดลับการประชุมอย่างมืออาชีพ /^cกิจคณิตพงศ์ อินทอง
250    พิมพ์ครั้งที่ 1
260    กรุงเทพฯ :^bศรีเสน่ห์การพิมพ์,^c2552
300    112 หน้า
650  7 การประชุม
945    ^p145^l0^i027032
945    ^p145^l0^i027033
949    ทศพร
999 ^a ทศพร
รายการนี้ยังไม่มีแท็ก
คุณยังไม่ได้ล็อกอิน คุณสามารถมีกิจกรรมร่วมกับเว็บไซต์ได้ แต่ต้องล็อกอินก่อน ::
  ล็อกอิน

รายการสื่อสารสนเทศ

ลำดับที่ ประเภท เลขเรียก/บาร์โค้ด สถานที่ สถานะ
- ไม่พบข้อมูล -

รายการใกล้เคียง
    หัวเรื่อง [การประชุม]

BibComment


ยังไม่เคยถูกคอมเมนท์

คอมเมนท์ทรัพยากรรายการนี้
  คอมเมนท์: เคล็ดลับการประชุม..


 Copyright 2026. Bcnsprnw @Library